000 00570nam a2200181Ia 4500
999 _c28993
_d28993
003 OSt
005 20201127153627.0
008 190216s9999||||xx |||||||||||||| ||und||
020 _a9788182643383
040 _coclc
082 _a920
_bNAM/K
100 _aNamboodirippad, Mozhikunnathu Brahmadathan
_93711
245 0 _aKhilafath Smaranakal /
_cMozhikunnathu Brahmadathan Namboodirippad
260 _bMathrubhumi Printing &publishing,
_aKozhikode;
_c2006.
300 _a176p
650 _aMalayalam
942 _cBK
_2ddc
_h920
_iNAM/K
_k920
_mNAM/K